| 000 | 00635nam a2200193Ia 4500 | ||
|---|---|---|---|
| 003 | GCL | ||
| 008 | 140319s9999 xx 000 0 ara d | ||
| 040 |
_aGCL / _cGCL |
||
| 082 | 0 | 4 |
_a382 _bس ك |
| 100 | 1 | _aمحمد مصطفى غنيم | |
| 245 | 1 | 0 |
_aكيف تنجح فى صنع الصفقات العالمية / _cمحمد مصطفى غنيم |
| 700 | 1 | _aسالاكيوز، جيوالد . و. | |
| 260 |
_a[S.N] : _bالدار الدولية للنشر والتوزيع |
||
| 490 | _a | ||
| 650 | 0 | 4 | _aالاقتصاد |
| 650 | 0 | 4 | _aالعلاقات الدولية |
| 650 | 0 | 4 | _aالتجارة الدولية |
| 942 |
_2ddc _cBK |
||
| 999 |
_c31673 _d31673 |
||